000 00825nam a2200253 i 4500
001 14834
003 ES-MaACL
005 20250712032629.0
007 t|
008 990621s1999 sp ||||1| spa d
020 _a84-923433-3-8
080 _a821.134.2-5"18"
080 _a32(460)"1885/1902"(042.5)
100 1 _aBlasco Ibáñez, Vicente,
_d1867-1928
_929388
245 1 1 _a¡Diputado Blasco Ibáñez!
_b: memorias parlamentarias.
250 _a1ª ed.
260 _aMadrid :
_bHMR Hijos de Muley-Rubio,
_c1999.
300 _a294 p., [40] p. de lám. ;
_c24 cm.
600 1 7 _aBlasco Ibáñez, Vicente,
_d1867-1928-
_xPensamiento político
_2
_9140788
650 0 0 _aParlamentos-
_zEspaña-
_yS.XIX.
_915841
650 4 _aParlamentos-
_zEspaña-
_yS.XX.
_9171319
852 _aES-MaACL
_jL-22079
999 _c14834
_d14834